A HISTORY OF WESTERN PHILOSOPHY /

Guardado en:
書目詳細資料
主要作者: Hamlyn, D.W (autor)
格式: 圖書
叢編:A PELICAN BOOK
主題:
標簽: 添加標簽
沒有標簽, 成為第一個標記此記錄!

MARC

LEADER 00000nam^a2200000^a^4500
001 000244406
005 20250521000000.0
009 20260310105418.513
020 |a 0-14-02-25404 
035 |a 067612 
037 |a Acervo Xavier Clavigero 
082 |a 190. 9  |b HAM 
100 |a Hamlyn, D.W.  |e (autor) 
245 1 2 |a A HISTORY OF WESTERN PHILOSOPHY /  |c D.W. HAMLYN 
264 |a Nueva York, EUA :  |b Penguin,  |c 1987 
300 |a 345 p. 
336 |a texto  |b txt  |2 rdacontenido 
337 |a sin mediación  |b n  |2 rdamedio 
338 |a volumen  |b nc  |2 rdasoporte 
440 |a A PELICAN BOOK 
649 |a XX 
650 |a Filosofía Occidental -  |x Historia y Crítica 
910 |a Fondo General 
920 |a Impresos - Libros 
930 |a Colección General 
905 |a 101 
901 |a 067612  |b IT1  |c ACC  |i 067612  |u 20250521 
902 |a https://opac.biblio.iteso.mx/vufind/Record/000244406